000 00597nam a22001817a 4500
003 UA-OsUOA
001 14994
007 ta
008 20031027b un ||||| |||| 00| 0 ukr d
100 _aГладуненко О.
942 _cSA
040 _aUA-OsUOA
_cUA-OsUOA
_dUA-OsUOA
245 _aЗолоті куполи: [Про реставрацію Остроз. Богоявленського собору у 1980-х рр.
300 _aС.7
955 _a0
773 0 _w0
_tВільне слово
_dРівне
_d2003
_g№65/20 серп./
650 7 _aБогоявленський собор
_2UDC
999 _c301159
_d301159